000 00218 a2200097 4500
001 30838
100 _aAbdul Aziz Urfi
245 _aJamal-e-Mustafa
260 _aKarachi
_bGillani Publishers
_c
090 _c20735
_d20735
942 _aNUST-CAE
_cM
_c11931
999 _c265911
_d265911